| 000 | 00939cam a22003013a 4500 | ||
|---|---|---|---|
| 001 | 7206 | ||
| 003 | PGUSA | ||
| 005 | 20140828083142.0 | ||
| 008 | 050101s2005||||xxu|||||s|||||000 | eng d | ||
| 040 |
_aPGUSA _beng |
||
| 042 | _adc | ||
| 050 | 4 | _aB | |
| 100 | 1 |
_aNietzsche, Friedrich Wilhelm, _d1844-1900 |
|
| 245 | 1 | 0 |
_aDie Geburt der Tragödie : _bVersuch einer Selbstkritik _h[electronic resource] / _cFriedrich Wilhelm Nietzsche |
| 260 |
_bProject Gutenberg, _c2005 |
||
| 506 | _aPublic domain in the USA. | ||
| 516 | _aElectronic text | ||
| 653 | _aMythology, Greek, in literature | ||
| 653 | _aTragedy | ||
| 653 | _aAesthetics | ||
| 653 | _aMusic -- Philosophy and aesthetics | ||
| 653 | _aPhilosophy, German | ||
| 653 | _aGreek drama (Tragedy) -- History and criticism -- Theory, etc. | ||
| 653 | _aTragic, The | ||
| 830 | 0 |
_aProject Gutenberg _v7206 |
|
| 856 | 4 | 0 | _uhttp://www.gutenberg.org/ebooks/7206 |
| 942 | _cEB | ||
| 999 |
_c236526 _d236526 |
||